00532nam a2200157Ia 4500001001000000003000500010008004100015010001100056040000900067100002100076245009300097260005700190300001000247500009400257650002300351Para_7177CHAP220125s1965 xx 000 0 und d a206063 cCHAP aAllen, Robert T. aA taxonomic study of Louisiana Carabidae (Insecta :b Coleoptera) /c by Robert T. Allen aBaton Rouge, Louisian :b Louisiana State University a30 p. aSobretiro de. Proceedings of the Louisiana Academy of Sciences Vol. XVIII, December, 1965 aColeopteros x EUA